000 00275nam a2200097Ia 4500
005 20251222114346.0
008 251222s1900||||xx |||||||||||||| ||spa||
082 _aDVD191.3/P23/2001
245 0 _aDebate presidencial: Alan García Pérez - Alejandro Toledo Manrique:
942 _cDVD
999 _c1031
_d1031